000 01950nam0a2200409 i 4500
001 RU\NLR\BIBL_A\010359719
005 20260405164742.0
010 _a9785904269944
_9500
021 _aRU
_b2014-22541
_91398
035 _a(NILC)RuMoRGB-006766878
035 _a(NLR Aleph) 010359719
090 _a10775236
_c10775236
100 _a20140522d2014 um y0rusy50 ca
101 0 _arus
102 _aRU
105 _aa|||z||||00yy
200 1 _aТеоретические и методические основы применения в медицинской практике портативного матричного инфракрасного магнитно-свето-лазерного терапевтического аппарата "Милта-Ф-5-01" (Спорт)
_e[методические рекомендации]
_fС. Е. Павлов
210 _aМосква
_c[б. и.]
_d2014
215 _a80 с.
_cил.
_d22
320 _aБиблиогр.: с. 73-80 (114 назв.)
606 _aМагнитное поле
_jМетодические пособия
_xВлияние на организм
_9950556
_3RU\NLR\AUTH\6634521
606 _a"МИЛТА", аппараты
_jМетодические пособия
_92108988
_3RU\NLR\AUTH\661578294
606 _aЛазерное излучение
_jМетодические пособия
_xВлияние на организм
_92354382
_3RU\NLR\AUTH\661406379
610 0 _aМИЛТА
675 _a615.849.49
686 1 _aР120.113я8
686 1 _aР120.112я8
686 1 _aР354.26я8
686 1 _aР354.36я8
700 1 _8rus
_7ca
_aПавлов
_bС. Е.
_cканд. мед. наук, спорт
_gСергей Евгеньевич
_3RU\NLR\AUTH\7770675
_953603
801 0 _aRU
_bRuMoRKP
_c20140327
_gRCR
801 2 _aRU
_bРГБ
_c20140409
_grcr
801 1 _aRU
_bRuMoRKP
_c20140327
_2rusmarc
942 _cBOOK
980 _aNBR